| 000 | 00997nac a22003137a 4500 | ||
|---|---|---|---|
| 001 | BR7500375 | ||
| 003 | BR-BrBNA | ||
| 005 | 20240105113831.0 | ||
| 008 | 230509b bl.|||m| |||| 00| 0 por d | ||
| 040 |
_aBR-BrBNA _bpor _cBiblioteca Nacional de Agricultura |
||
| 072 | _aH10; H20 | ||
| 090 | _a0180 BR7500375 | ||
| 110 | 1 |
_aBayer do Brasil Industrias Quimicas S.A., Sao Paulo, SP (Brasil) _91241 |
|
| 245 | 1 | _aCinco pragas atacam trigo gaucho [Triticum vulgare, doenca de planta, pulgao, oidio, ferrugem, septoriose, lagarta] | |
| 260 | 3 |
_aSao Paulo, SP (Brasil): _c1975. |
|
| 300 | _a3 p. | ||
| 490 |
_aBoletim Agropecuario - Bayer do Brasil S.A. (Brazil) _vno. 193 _x |
||
| 650 | _aTRIGO | ||
| 650 | _aPULVERIZACAO AEREA | ||
| 650 | _aCONTROLE QUIMICO | ||
| 650 | _aPULGAO | ||
| 650 | _aOIDIO | ||
| 650 | _aFERRUGEM | ||
| 650 | _aSEPTORIOSE | ||
| 650 | _aLAGARTA | ||
| 650 | _aRIO GRANDE DO SUL | ||
| 909 |
_a202312 _bLúcia Elande _c55 _dLúcia Elande |
||
| 942 |
_2AGRIS _n0 _cMS |
||
| 999 |
_c265848 _d265848 |
||